书目信息 |
| 题名: |
人身犯罪解释论与判例研究
|
|
| 作者: | 陈洪兵 著 | |
| 分册: | ||
| 出版信息: | 北京 中国政法大学出版社 2012.11 |
|
| 页数: | 347页 | |
| 开本: | 23cm | |
| 丛书名: | 刑法分则解释与判例研究丛书 | |
| 单 册: | ||
| 中图分类: | D924.344 | |
| 科图分类: | ||
| 主题词: | 侵犯人身权利罪--研究--中国 , 侵犯人身权利罪 | |
| 电子资源: | ||
| ISBN: | 978-7-5620-4360-7 | |
| 000 | 01070oam2 2200277 450 | |
| 001 | 0000500020267 | |
| 005 | 20130427082540.07 | |
| 010 | @a978-7-5620-4360-7@dCNY69.00 | |
| 100 | @a20121212d2012 em y0chiy50 ea | |
| 101 | 0 | @achi |
| 102 | @aCN@b110000 | |
| 105 | @ay z 000yy | |
| 106 | @ar | |
| 200 | 1 | @a人身犯罪解释论与判例研究@9ren shen fan zui jie shi lun yu pan li yan jiu@f陈洪兵著 |
| 210 | @a北京@c中国政法大学出版社@d2012.11 | |
| 215 | @a347页@d23cm | |
| 225 | 2 | @a刑法分则解释与判例研究丛书 |
| 300 | @a本书为“江苏高校优势学科建设工程资助项目”暨江苏省学会2012年度法学研究课题“现代人身权刑法保护研究”(课题编号:SFH2012D07)的成果之一 | |
| 330 | @a本书主要内容包括:杀人罪;故意伤害罪;组织、出卖人体器官罪;“致人重伤、死亡”研究;致胎儿死伤的刑法评价;虐待罪;遗弃罪等。 | |
| 461 | 0 | @12001 @a刑法分则解释与判例研究丛书 |
| 606 | 0 | @a侵犯人身权利罪@x研究@y中国 |
| 606 | 0 | @a侵犯人身权利罪 |
| 690 | @aD924.344@v5 | |
| 701 | 0 | @a陈洪兵@9chen hong bing@f(1970-)@4著 |
| 801 | 0 | @aCN@bRENTIAN@c20121212 |
| 905 | @b542146-50@dD924.344@e384@f5 | |
| 人身犯罪解释论与判例研究/陈洪兵著.-北京:中国政法大学出版社,2012.11 |
| 347页;23cm.-(刑法分则解释与判例研究丛书) |
| 本书为“江苏高校优势学科建设工程资助项目”暨江苏省学会2012年度法学研究课题“现代人身权刑法保护研究”(课题编号:SFH2012D07)的成果之一 |
| ISBN 978-7-5620-4360-7:CNY69.00 |
| 本书主要内容包括:杀人罪;故意伤害罪;组织、出卖人体器官罪;“致人重伤、死亡”研究;致胎儿死伤的刑法评价;虐待罪;遗弃罪等。 |
| ● |
| 相关链接 |
|
|
|
|
正题名:人身犯罪解释论与判例研究
索取号:D924.344/384
 
预约/预借
| 序号 | 登录号 | 条形码 | 馆藏地/架位号 | 状态 | 备注 |
| 1 | 542146 | 205421462 | 第一样本阅览室/ [索取号:D924.344/384] | 在馆 | |
| 2 | 542147 | 205421471 | 史法系资料室/ [索取号:D924.344/384] | 在馆 | |
| 3 | 542148 | 205421480 | 第一借阅区/ [索取号:D924.344/384] | 在馆 | |
| 4 | 542149 | 205421499 | 第一借阅区/ [索取号:D924.344/384] | 在馆 | |
| 5 | 542150 | 205421505 | 第一借阅区/ [索取号:D924.344/384] | 在馆 |